| 000 | 01476nam a2200241Ia 4500 | ||
|---|---|---|---|
| 003 | Ost | ||
| 005 | 20260507075535.0 | ||
| 008 | 260507s9999||||xx |||||||||||||| ||und|| | ||
| 020 | _a9774084470 | ||
| 040 | _cfsecg | ||
| 041 | _aara | ||
| 082 | _a658.84 | ||
| 100 |
_aموريل، جيمس _eمؤلف |
||
| 245 | 0 |
_aفن قراءة السوق / _c جيمس موريل |
|
| 260 |
_aالقاهرة: _bدار الفاروق للنشر والتوزيع, _c2007 |
||
| 300 |
_a256 صفحة؛ _bإيضاحات ؛ _c24 سم |
||
| 490 | _aمهارات التسويق الحديثة | ||
| 520 | _aيضم العوامل الواقعة خارج نطاق سيطرة الشركة، قراءة الإقتصاد القومي، أسعار الفائدة وسياسة الحكومة، السوق العالمي وأسعار الصرف وميزان المدفوعات، الإحتباس الحراري وأسعار الطاقة والسلع، السكان والإتجاهات الإجتماعية وأنماط الحياة، القوة الشرائية والأرباح والسوق، العوامل الواقعة في نطاق سيطرة الشركة، التكاليف والأسعار، التنبؤ بالأرباح وبأسعار الأسهم والتنبؤ من خلال نموذج للتاريخ المالي للشركة | ||
| 653 | _aالأسواق- بحوث | ||
| 653 | _aالإقتصاد | ||
| 700 |
_aالعامري، خالد _eمؤلف ثانوي |
||
| 942 | _cكتاب | ||
| 999 |
_c44836 _d44836 |
||